000 00233nam a22000857a 4500
008 160914b xxu||||| |||| 00| 0 eng d
100 _9419
_aGupta. A.D. etal
245 _aJunior Mathematics-III
260 _aNew Delhi
_bB.B publications
_c2011
999 _c3077
_d3077